| 000 | 01063nam0a22002771 4500 | ||
|---|---|---|---|
| 001 | GAK\3366098 | ||
| 005 | 20250805160813.4 | ||
| 035 | _a(NLR Aleph) 010506474 | ||
| 090 |
_a64967 _c64967 |
||
| 100 | _a20140829d1943 k y0rusy50 ca | ||
| 101 | 0 | _arus | |
| 102 | _aRU | ||
| 105 | _aa z ||||| | ||
| 200 | 1 |
_aИзменения элементов траектории артиллерийского снаряда _fпроф. Б.Н. Окунев |
|
| 210 |
_aМосква _aЛенинград _cОГИЗ Гостехиздат _d1943 _eнапечатано в Москве |
||
| 215 |
_a144 с. _cтабл., черт. _d20 |
||
| 606 | 1 |
_aТраектория снаряда (арт.) _2nlr_sh2 _3RU\NLR\AUTH\66106358 |
|
| 686 | 0 |
_aЦ541.3-11 _2rubbk |
|
| 700 | 1 |
_aОкунев _bБ. Н. _f1897-1961 _gБорис Николаевич |
|
| 801 | 0 |
_aRU _bNLR _c20140829 _gpsbo |
|
| 801 | 1 |
_aRU _bNLR _c20140829 _2rusmarc |
|
| 852 |
_aNLR _jВ60 Г-3/66 |
||
| 942 | _cBOOK | ||
| 945 | _aРоссийская национальная библиотека | ||
| 980 | _aNB | ||
| 980 | _aBV | ||